Statistics for NFL 2,000-Yard Rushers Quiz

Click here to take the quiz!

General Stats

  • This quiz has been taken 1,182 times
  • The average score is 5 of 7

Answer Stats

Yards Year Player % Correct
2,0972012Adrian Peterson
92%
2,1051984Eric Dickerson
85%
2,0531997Barry Sanders
73%
2,0062009Chris Johnson
69%
2,0031973 *O. J. Simpson
61%
2,0662003Jamal Lewis
52%
2,0081998Terrell Davis
47%

Score Distribution

Percentile by Number Answered

Percent of People with Each Score

Your Score History

You have not taken this quiz